A Dog's Purpose (Record no. 2083)

000 -LEADER
fixed length control field 00846nam a22002897a 4500
001 - CONTROL NUMBER
control field 21602913
003 - CONTROL NUMBER IDENTIFIER
control field LIBRIS
005 - DATE AND TIME OF LATEST TRANSACTION
control field 20241028095155.0
008 - FIXED-LENGTH DATA ELEMENTS--GENERAL INFORMATION
fixed length control field 170926s2016 us |||||||||||00| 1|eng c
020 ## - INTERNATIONAL STANDARD BOOK NUMBER
International Standard Book Number 9780765388100
035 ## - SYSTEM CONTROL NUMBER
System control number (Adlibris)9780765388100
040 ## - CATALOGING SOURCE
Original cataloging agency eng
Language of cataloging eng
Transcribing agency DLC
041 ## - LANGUAGE CODE
Language code of text/sound track or separate title eng
080 ## - UNIVERSAL DECIMAL CLASSIFICATION NUMBER
Universal Decimal Classification number 821.111
Item number C-17
082 04 - DEWEY DECIMAL CLASSIFICATION NUMBER
Classification number 810
Edition number 22 (machine generated)
084 ## - OTHER CLASSIFICATION NUMBER
Classification number Heq
Number source kssb/8
100 1# - MAIN ENTRY--PERSONAL NAME
Personal name Cameron, W. Bruce
245 10 - TITLE STATEMENT
Title A Dog's Purpose
Statement of responsibility, etc. W. Bruce Cameron
Remainder of title / by: A Tom Doherty Associates Book
260 ## - PUBLICATION, DISTRIBUTION, ETC.
Name of publisher, distributor, etc. New York
Date of publication, distribution, etc. 2016
Place of publication, distribution, etc. A Tom Doherty Associates Book
300 ## - PHYSICAL DESCRIPTION
Extent 323 p.
365 ## - TRADE PRICE
Price amount 9.99 usd
650 #0 - SUBJECT ADDED ENTRY--TOPICAL TERM
9 (RLIN) 247
Topical term or geographic name entry element English literature
653 ## - INDEX TERM--UNCONTROLLED
Uncontrolled term ინგლისური ლიტერატურა
942 ## - ADDED ENTRY ELEMENTS (KOHA)
Source of classification or shelving scheme
Koha item type Books
Holdings
Withdrawn status Lost status Source of classification or shelving scheme Damaged status Not for loan Permanent location Current location Date acquired Inventory number Total Checkouts Full call number Barcode Date last seen Price effective from Koha item type
          Ken Walker International University Ken Walker International University 03/10/2021 581   821.111 C-17 581 03/10/2021 03/10/2021 Books

Powered by Koha